Carbon cycle in the Russian Arctic seas

Αποθηκεύτηκε σε:
Λεπτομέρειες βιβλιογραφικής εγγραφής
Κύριος συγγραφέας: Vetrov, A. A. (Aleksandr Aleksandrovich)
Άλλοι συγγραφείς: Romankevich, Evgenii Aleksandrovich
Μορφή: Βιβλίο
Γλώσσα:English
Δημοσίευση: Berlin, New York : Springer, c2004
Θέματα:
Ετικέτες: Προσθήκη ετικέτας
Δεν υπάρχουν, Καταχωρήστε ετικέτα πρώτοι!

MARC

LEADER 00000nam a2200000 i 4500
001 1/68342
008 071217s2004 eng d
020 |a 3-540-21477-1 
035 |l 10093212 
040 |a GR-MY-UA  |b gre  |e aacr 
041 0 |a eng 
082 0 |a 577.144  |2 (22) 
100 1 |a Vetrov, A. A.  |q (Aleksandr Aleksandrovich) 
245 1 0 |a Carbon cycle in the Russian Arctic seas /  |c Alexander A. Vetrov, Evgenii A. Romankevich 
260 |a Berlin, New York :   |b Springer,   |c c2004 
300 |a x, 331 σ.;  |b εικ., χάρτες;  |c 25 εκ. 
500 |a Με 93 σχήματα 
504 |a Βιβλιογραφία: σ. 287-326. Ευρετήριο 
650 0 0 |a Seawater--Carbon dioxide content  |z Arctic Ocean. 
650 0 0 |a Carbon cycle (Biogeochemistry)  |z Arctic Ocean. 
650 0 0 |a Chemical oceanography  |z Arctic Ocean. 
700 1 |a Romankevich, Evgenii  |q Aleksandrovich. 
852 |a INST  |b CHIOS  |e 20071217  |h 577.144 VET  |p 005200028069  |q 005200028069  |t BK  |y 0 
901 |a BIBL2-2007-3 
909 |a Χ  |b 142263 
922 |a 2ΕΛΗ  |b 200712  |c ΕΠΕΑΕΚ2/ΤΜΟΔ  |d ΕΛΕΥΘΕΡΟΥΔΑΚΗΣ 
970 |a ΑΤΣΑΛΗ  |b ΔΕΣΠΟΙΝΑ  |z 2007/12/17